000 00618nam a22002057a 4500
999 _c9375
_d9375
003 AR-CdUCM
008 190327b ||||| |||| 00| 0 spa d
040 _aMUNICIPALIDAD PROVINCIAL DEL CUSCO
_cBIBLIOTECA MUNICIPAL DEL CUSCO
082 _a869.56 /
_bR58
100 _aRío Bustamante, Florencia del
_925528
245 _aSombra de la plegaria /
260 _aLima :
_bTall. Gráf. E.R.V,
_c1965.
300 _a79 paginas ;
_c21 cm.
505 _aContenido :Poesías peruanas /
650 _aLiteratura peruana
_9169
650 _aPoesías
_92272
650 _aSiglo XX
_98
942 _2ddc
_cLIBROS
945 _arjall